000 00417nam a2200133Ia 4500
008 100328s9999 xx 000 0 und d
082 _b8483
100 _aउपाध्याय भगवतशरण
245 _aभास के नाटक
260 _bराजपाल अॅन्ड सन्स
630 _aभास के नाटक
730 _aभास के नाटक
942 _cBOOK
999 _c504258
_d504255